| 000 | 00000nam##2200000za#4500 |
| 001 | 9.618936 |
| 003 | CaOODSP |
| 005 | 20210615103136 |
| 007 | ta |
| 008 | 150406|2008||||xxc||||| f|0| 0 eng|d |
| 022 | |a0706-6457 |
| 040 | |aCaOODSP|beng |
| 043 | |an-cn--- |
| 086 | 1 |aFs97-6/2795E |
| 110 | 1 |aCanada. |bDepartment of Fisheries and Oceans. |
| 245 | 10|aProceedings of the 2007 International Workshop on Didymosphenia geminata / |cby M.L. Bothwell and S.A. Spaulding (Co-Editors) |
| 260 | |aNanaimo - British Columbia : |bFisheries and Oceans Canada |c2008. |
| 300 | |axxxvi, 58p. : |bgraphs, maps, references, tables, photographs ; |c28 cm. |
| 490 | 1 |aCanadian technical report of fisheries and aquatic sciences|x0706-6457|v2795 |
| 546 | |a(Résumé en français. Les articles en leur langue originale.) |
| 563 | |aSoftcover |
| 590 | |a08-30|b2008-07-25 |
| 690 | 07|aConferences|2gcpds |
| 690 | 07|aAquatic ecosystems|2gcpds |
| 720 | 1 |aBothwell, M. L. |
| 720 | 1 |aSpaulding, S. A. |
| 776 | 0#|tProceedings of the 2007 International Workshop on Didymosphenia geminata / |w(CaOODSP)9.574394 |
| 830 | #0|aCanadian technical report of fisheries and aquatic sciences,|x0706-6457|v2795|w(CaOODSP)9.514691 |